[PL] Flagi z wszystkich krajów Europy. - Statystyki

Ogólne statystyki
  • Ten quiz został rozwiązany 391 razy
  • Średni wynik to 41 z 45
Statystyki odpowiedzi
Obrazkowy Odpowiedź % Poprawnych
Niemcy
99%
Rosja
99%
Szwecja
98%
Ukraina-
98%
Wielka Brytania
98%
Szwajcaria
97%
Czechy
96%
Norwegia
96%
Polska
95%
Portugalia
95%
Belgia
94%
Białoruś
94%
Dania
94%
Estonia
94%
Francja
94%
Grecja
94%
Hiszpania
94%
Włochy
94%
Chorwacja
92%
Holandia
92%
Litwa
92%
Albania
91%
Macedonia
91%
Słowenia
91%
Słowenia
91%
Austria
90%
Finlandia
90%
Irlandia
90%
Łotwa
90%
Watykan
90%
Bośnia
89%
Islandia
89%
Islandia
89%
Monako
89%
Rumunia
88%
Węgry
87%
Bułgaria
85%
Malta
85%
Serbia
85%
Luksemburg
83%
Czarnogóra
81%
Mołdawia
81%
Kosowo
80%
Liechtenstein
79%
Andora
78%
Nie znaleziono quizów pasujących do podanych kryteriów
Rozkład punktacji
Procent ludzi z każdym wynikiem
Percentyl według liczby udzielonych odpowiedzi
Twoja historia wyników
Nie rozwiązałeś tego quizu